Геохимиеская зональность и кольцевые структуры "Сюрампинского" рудного поля (республика Саха (Якутия)); Проблемы геологии и освоения недр; Т. 1
| Parent link: | Проблемы геологии и освоения недр: труды XIX Международного симпозиума имени академика М. А. Усова студентов и молодых ученых, посвященного 70-летнему юбилею Победы советского народа над фашистской Германией, Томск, 6-10 апреля 2015 г./ Национальный исследовательский Томский политехнический университет (ТПУ), Институт природных ресурсов (ИПР) ; Общество инженеров-нефтяников, международная некоммерческая организация, Студенческий чаптер ; под ред. А. Ю. Дмитриева.— , 2015 Т. 1.— [С. 196-198] |
|---|---|
| المؤلف الرئيسي: | |
| مؤلف مشترك: | |
| مؤلفون آخرون: | |
| الملخص: | Заглавие с экрана |
| اللغة: | الروسية |
| منشور في: |
|
| سلاسل: | Месторождения полезных ископаемых. Методика поисков и разведки месторождений полезных ископаемых. Геоинформационные системы в геологии |
| الموضوعات: | |
| الوصول للمادة أونلاين: | http://earchive.tpu.ru/handle/11683/22901 http://www.lib.tpu.ru/fulltext/c/2015/C11/V1/080.pdf |
| التنسيق: | MixedMaterials الكتروني فصل الكتاب |
| KOHA link: | https://koha.lib.tpu.ru/cgi-bin/koha/opac-detail.pl?biblionumber=614899 |
MARC
| LEADER | 00000naa2a2200000 4500 | ||
|---|---|---|---|
| 001 | 614899 | ||
| 005 | 20231101132830.0 | ||
| 035 | |a (RuTPU)RU\TPU\conf\13076 | ||
| 035 | |a RU\TPU\conf\13065 | ||
| 090 | |a 614899 | ||
| 100 | |a 20151019d2015 k y0rusy50 ca | ||
| 101 | 0 | |a rus | |
| 102 | |a RU | ||
| 105 | |a y z 100zy | ||
| 135 | |a drcn ---uucaa | ||
| 181 | 0 | |a i | |
| 182 | 0 | |a b | |
| 200 | 1 | |a Геохимиеская зональность и кольцевые структуры "Сюрампинского" рудного поля (республика Саха (Якутия)) |f Д. А. Узюнкоян |g науч. рук. В. Г. Ворошилов | |
| 203 | |a Текст |c электронный | ||
| 225 | 1 | |a Месторождения полезных ископаемых. Методика поисков и разведки месторождений полезных ископаемых. Геоинформационные системы в геологии | |
| 230 | |a 1 компьютерный файл (pdf; 507 Kb) | ||
| 300 | |a Заглавие с экрана | ||
| 320 | |a [Библиогр.: с. 198 (2 назв.)] | ||
| 337 | |a Adobe Reader | ||
| 461 | 1 | |0 (RuTPU)RU\TPU\conf\12865 |t Проблемы геологии и освоения недр |o труды XIX Международного симпозиума имени академика М. А. Усова студентов и молодых ученых, посвященного 70-летнему юбилею Победы советского народа над фашистской Германией, Томск, 6-10 апреля 2015 г. |o в 2 т. |f Национальный исследовательский Томский политехнический университет (ТПУ), Институт природных ресурсов (ИПР) ; Общество инженеров-нефтяников, международная некоммерческая организация, Студенческий чаптер ; под ред. А. Ю. Дмитриева |d 2015 | |
| 463 | 1 | |0 (RuTPU)RU\TPU\conf\12868 |t Т. 1 |v [С. 196-198] | |
| 610 | 1 | |a труды учёных ТПУ | |
| 610 | 1 | |a электронный ресурс | |
| 610 | 1 | |a геохимическая зональность | |
| 610 | 1 | |a кольцевые структуры | |
| 610 | 1 | |a рудные поля | |
| 610 | 1 | |a Республика Саха-Якутия | |
| 700 | 1 | |a Узюнкоян |b Д. А. | |
| 702 | 1 | |a Ворошилов |b В. Г. |c геолог |c профессор Томского политехнического университета, доктор геолого-минералогических наук |f 1952- |g Валерий Гаврилович |2 stltpush |4 727 | |
| 712 | 0 | 2 | |a Национальный исследовательский Томский политехнический университет (ТПУ) |b Институт природных ресурсов (ИПР) |b Кафедра геологии и разведки полезных ископаемых (ГРПИ) |h 2181 |2 stltpush |3 (RuTPU)RU\TPU\col\18660 |
| 801 | 2 | |a RU |b 63413507 |c 20210118 |g RCR | |
| 856 | 4 | |u http://earchive.tpu.ru/handle/11683/22901 | |
| 856 | 4 | |u http://www.lib.tpu.ru/fulltext/c/2015/C11/V1/080.pdf | |
| 942 | |c BK | ||